000 00878nam a22003017a 4500
003 CHAP
005 20220329134906.0
008 971013s1963 r 00010 d
010 _a27618
011 _a28590
035 _a32695
040 _cCHAP
082 _a574.192
_bC65
100 0 0 _aConn, Eric E.
_927196
245 _aOutline of biochemistry
260 _aNew York :
_bWiley,
_c1963
300 _a391 p.
_b: ilus.
590 _aBATCH-UPD
_b10
_c20130110
_lUCH01
_h0220
590 _aBATCH-UPD
_b10
_c20130110
_lUCH01
_h2045
590 _aBATCH-UPD
_b10
_c20130410
_lUCH01
_h1359
590 _aBATCH-UPD
_b10
_c20130914
_lUCH01
_h0643
590 _aCONVERSION
_b10
_c20130109
_lUCH01
_h1316
650 1 4 _aBioquĂ­mica.
_912849
700 0 _aStumpf, Paul Karl.
_9110098
901 _aBK
942 _cLIBRO
949 _a574.192 C65
_bBC
_cLIBRO
_d33724000804407
_eLIBRO
_i32695
_sb
999 _c27618
_d27618